The table talk and Omniana : of Samuel Taylor Coleridge : with additional Table talk from Allsop's "Recollections," and manuscript matter not before printed /

Hlavní autor: Coleridge, Samuel Taylor, 1772-1834
Další autoři: Ashe, T.
Jazyk: Angličtina
Vydáno: London : George Bell and Sons, 1888
Fyzický popis: xix, 446 s.
Knihy
Uloženo v:
LEADER 00797nam a22002172a 4500
001 001868069
003 CZ BrMZK
005 20230905105322.0
007 ta
008 230814s1888 xxk er|||||||||||eng d
040 |a BOA001  |b cze  |e aacr2 
100 1 |a Coleridge, Samuel Taylor,  |d 1772-1834  |7 jn19990001450  |4 aut 
245 1 4 |a The table talk and Omniana :  |b of Samuel Taylor Coleridge : with additional Table talk from Allsop's "Recollections," and manuscript matter not before printed /  |c arranged and edited by T. Ashe 
260 |a London :  |b George Bell and Sons,  |c 1888 
300 |a xix, 446 s. 
700 1 |a Ashe, T.  |4 edt 
910 |a BOA001  |b 1-0215.394 
990 |a BK 
993 |a Y 
991 |b 202309 
996 6 |b BC-2421742  |c 1-0215.394  |l MZK  |r Sklad / do 1 hodiny  |n 0  |w 001935407  |u 000010  |a 1  |e BOA001  |j MZK50  |s P